| 000 | 00560nam a2200217 a 4500 | ||
|---|---|---|---|
| 999 |
_c5216 _d5216 |
||
| 001 | 5216 | ||
| 003 | BD-JhCC | ||
| 005 | 20171210180013.0 | ||
| 008 | 171210s1963 e |||| ||a| 000 0 eng d | ||
| 035 | _a(BD-JhCC) 5216 | ||
| 040 |
_aBD-JhCC _dBD-JhCC |
||
| 041 | _aeng | ||
| 082 |
_a657 _bHEM 1963 |
||
| 100 | _aHEMSTOCK, H.F. | ||
| 245 |
_aPRINCIPLES OF ACCOUNTS AN ELEMENTARY GOURSE / _c H.F.HEMSTOCK |
||
| 260 |
_aLondon : _bHEORGE G.Harrap Co. LTD , _c1963 |
||
| 300 |
_a247 p .: _c22 cm . |
||
| 650 | _aAccounting | ||
| 942 |
_2ddc _cBK |
||